Giornale degli economisti e annali di economia

Na minha lista:
Detalhes bibliográficos
Formato: Periódico
Idioma:Língua italiana
Publicado em: Padova Universitá Commerciale Luigi Bocconi 1983
Tags: Adicionar Tag
Sem tags, seja o primeiro a adicionar uma tag!

MARC

LEADER 00000nas2a2200000 4500
001 s108155
005 20250730114200.4
041 0 |a ita 
044 |a IT 
245 1 0 |a Giornale degli economisti e annali di economia 
264 1 |a Padova  |b Universitá Commerciale Luigi Bocconi  |c 1983 
300 |a 1 zv. 
773 0 |w eu_un_cat*s120718